[Event "Tamil Nadu IM 14th"]
[Site "Chennai"]
[Date "2024.01.19"]
[Round "6"]
[White "Podolchenko, Evgeniy"]
[Black "Mamombe, Kudzanai"]
[Result "1-0"]
[WhiteElo "2357"]
[BlackElo "1797"]
[PlyCount "75"]
[EventDate "2024.01.16"]
[EventType "tourn"]
[EventRounds "9"]
[EventCountry "IND"]
[SourceTitle "CB04_2024"]
[SourceDate "2023.10.16"]
[SourceVersion "1"]
[SourceVersionDate "2023.10.16"]
[SourceQuality "1"]

1. d4 Nf6 2. c4 g6 3. Nc3 Bg7 4. e4 d6 5. Nf3 0-0 6. Be2 e5 7. 0-0 Nc6 8. d5 Ne7 9. Ne1 Ne8 10. Nd3 f5 11. f3 f4 12. c5 g5 13. a4 Ng6 14. cxd6 cxd6 15. a5 Rf7 16. a6 b6 17. Nb4 Nf6 18. Nc6 Qe8 19. Bd2 h5 20. Nb5 Bf8 21. Qb3 g4 22. Ncxa7 Rg7 23. Nxc8 Qxc8 24. Rfc1 Qd8 25. Be1 h4 26. fxg4 Nxe4 27. Qc2 Ng5 28. Bd3 e4 29. Bxe4 Nxe4 30. Qxe4 Ne5 31. h3 Rf7 32. Nd4 Be7 33. Ne6 Qd7 34. Rc7 Qb5 35. Bc3 f3 36. Bxe5 f2+ 37. Kh2 f1N+ 38. Rxf1 1-0

[Event "Tamil Nadu IM 14th"]
[Site "Chennai"]
[Date "2024.01.16"]
[Round "1"]
[White "Podolchenko, Evgeniy"]
[Black "Mithrakanth, Poorna Sharma"]
[Result "1-0"]
[WhiteElo "2357"]
[BlackElo "2252"]
[PlyCount "99"]
[EventDate "2024.01.16"]
[EventType "tourn"]
[EventRounds "9"]
[EventCountry "IND"]
[SourceTitle "CB04_2024"]
[SourceDate "2023.10.16"]
[SourceVersion "1"]
[SourceVersionDate "2023.10.16"]
[SourceQuality "1"]

1. d4 Nf6 2. c4 e6 3. Nc3 Bb4 4. Bd2 Bxc3 5. Bxc3 Ne4 6. Rc1 0-0 7. Nf3 b6 8. e3 Bb7 9. Be2 d6 10. 0-0 Nd7 11. Be1 f5 12. b4 c5 13. Nd2 Nxd2 14. Qxd2 Nf6 15. f3 Qe7 16. bxc5 dxc5 17. Bg3 Rfd8 18. Rfd1 Kh8 19. a4 Bc6 20. Qa2 Nh5 21. Be5 f4 22. exf4 cxd4 23. c5 bxc5 24. Qa3 Nf6 25. Qxc5 Qxc5 26. Rxc5 Bxa4 27. Rxd4 Rxd4 28. Bxd4 a5 29. Bc3 Nd5 30. Bxa5 Nxf4 31. Bc4 Bd7 32. Bd2 Ng6 33. Rc7 Ne5 34. Bc3 Nxc4 35. Rxd7 Rg8 36. Re7 e5 37. Rc7 Nd6 38. Bxe5 Ne8 39. Rf7 h6 40. h4 Kh7 41. h5 Rh8 42. Kf2 Kg8 43. Rf5 Kh7 44. Kg3 Rg8 45. Rf7 Kh8 46. Kf4 Nf6 47. Bxf6 gxf6 48. g4 Ra8 49. Kf5 Kg8 50. Kg6 1-0

[Event "Tamil Nadu IM 11th"]
[Site "Chennai"]
[Date "2024.01.11"]
[Round "5"]
[White "Podolchenko, Evgeniy"]
[Black "Khusenkhojaev, Muhammad"]
[Result "1/2-1/2"]
[WhiteElo "2357"]
[BlackElo "2379"]
[PlyCount "99"]
[EventDate "2024.01.09"]
[EventType "tourn"]
[EventRounds "9"]
[EventCountry "IND"]
[SourceTitle "CB03_2024"]
[SourceDate "2024.01.17"]
[SourceVersion "1"]
[SourceVersionDate "2024.01.17"]
[SourceQuality "1"]

1. d4 Nf6 2. c4 g6 3. Nc3 d5 4. Bf4 Bg7 5. e3 c5 6. dxc5 Qa5 7. Rc1 Nbd7 8. cxd5 0-0 9. Qa4 Qxa4 10. Nxa4 Nxd5 11. Bg3 Ne5 12. Nf3 Nxf3+ 13. gxf3 Bd7 14. Bc4 Bxa4 15. Bxd5 Bxb2 16. Rb1 Bc3+ 17. Kf1 Rac8 18. Bxb7 Rxc5 19. Kg2 Rd8 20. Rhc1 a5 21. Ba6 f6 22. Rb8 Rxb8 23. Bxb8 Kf7 24. Ba7 Rg5+ 25. Kf1 Bb4 26. Bc4+ Kg7 27. f4 Rh5 28. Kg1 h6 29. Be2 Rd5 30. Bd4 Bb5 31. Bf3 Rd8 32. Rc7 Be8 33. Ra7 a4 34. a3 Bxa3 35. Bd1 Bc5 36. Bxc5 Rxd1+ 37. Kg2 Bc6+ 38. f3 Rd7 39. Rxd7 Bxd7 40. Bxe7 Kf7 41. Ba3 f5 42. e4 Bc6 43. exf5 gxf5 44. Kf2 Ke6 45. Ke3 Kd5 46. Kd3 Bb5+ 47. Kc3 Be2 48. Bf8 h5 49. h4 Bxf3 50. Kb2 1/2-1/2

[Event "Madurai Athens of the East op 3rd"]
[Site "Madurai"]
[Date "2023.12.23"]
[Round "1"]
[White "Jaivant, R."]
[Black "Podolchenko, Evgeniy"]
[Result "0-1"]
[WhiteElo "1641"]
[BlackElo "2376"]
[PlyCount "132"]
[EventDate "2023.12.23"]
[EventType "swiss"]
[EventRounds "10"]
[EventCountry "IND"]
[SourceTitle "CB06_2024"]
[SourceDate "2024.02.07"]
[SourceVersion "1"]
[SourceVersionDate "2024.02.07"]
[SourceQuality "1"]

1. e4 c6 2. d4 d5 3. e5 Bf5 4. h4 h5 5. Bd3 Bxd3 6. Qxd3 Qa5+ 7. Nd2 e6 8. Ngf3 Ne7 9. 0-0 Nf5 10. c4 Be7 11. g3 Nd7 12. Nb3 Qa6 13. Nbd2 0-0 14. b3 c5 15. Bb2 Rfd8 16. Qb1 Nf8 17. Rd1 Ng6 18. Kg2 Rd7 19. cxd5 Rxd5 20. Qe4 Rad8 21. dxc5 Bxc5 22. Rdc1 Bxf2 23. Nf1 Bd4 24. Bxd4 Nxd4 25. N1d2 Ne2 26. Rc2 Qd3 27. Qxd3 Rxd3 28. Kf2 Nd4 29. Nxd4 R3xd4 30. Nf3 R4d5 31. Re1 Ne7 32. Rc7 R5d7 33. Rec1 Nc6 34. Rxd7 Rxd7 35. Ke2 Rd5 36. Rd1 Rxd1 37. Kxd1 Kh7 38. Ke2 Kg6 39. Ke3 Kf5 40. Ng5 Nxe5 41. Ne4 b6 42. Nd6+ Kg4 43. Kf2 g5 44. hxg5 Kxg5 45. Nc8 Nc6 46. Nd6 f5 47. Nf7+ Kf6 48. Nd6 Ke7 49. Nc4 b5 50. Ne3 Nb4 51. a3 Nd3+ 52. Kg2 Nc5 53. b4 Ne4 54. Kh3 Kf6 55. Ng2 Nd6 56. Ne3 Nc4 57. Nc2 e5 58. Kh4 Kg6 59. Kh3 Kg5 60. Kg2 f4 61. gxf4+ Kxf4 62. Kf2 h4 63. Ne1 e4 64. Ng2+ Kg4 65. Ne1 h3 66. Kg1 Nxa3 0-1

[Event "Tamil Nadu IM 10th"]
[Site "Chennai"]
[Date "2023.12.21"]
[Round "8"]
[White "Podolchenko, Evgeniy"]
[Black "Gochelashvili, David"]
[Result "1/2-1/2"]
[WhiteElo "2376"]
[BlackElo "2291"]
[PlyCount "26"]
[EventDate "2023.12.17"]
[EventType "tourn"]
[EventRounds "9"]
[EventCountry "IND"]
[EventCategory "1"]
[SourceTitle "CB52_2023"]
[SourceDate "2023.12.27"]
[SourceVersion "1"]
[SourceVersionDate "2023.12.27"]
[SourceQuality "1"]

1. d4 Nf6 2. Nf3 d5 3. g3 e6 4. Bg2 Be7 5. 0-0 0-0 6. c4 c6 7. Qc2 Nbd7 8. Rd1 b6 9. Bf4 Nh5 10. Bc1 Nhf6 11. Bf4 Nh5 12. Bc1 Nhf6 13. Bf4 Nh5 1/2-1/2

[Event "Tamil Nadu IM 9th"]
[Site "Chennai"]
[Date "2023.12.14"]
[Round "8"]
[White "Podolchenko, Evgeniy"]
[Black "Akshit, Kumar J"]
[Result "1-0"]
[WhiteElo "2376"]
[BlackElo "2229"]
[PlyCount "87"]
[EventDate "2023.12.10"]
[EventType "tourn"]
[EventRounds "9"]
[EventCountry "IND"]
[EventCategory "2"]
[SourceTitle "CB51_2023"]
[SourceDate "2023.12.20"]
[SourceVersion "1"]
[SourceVersionDate "2023.12.20"]
[SourceQuality "1"]

1. d4 d5 2. c4 c6 3. Nf3 Nf6 4. Nc3 e6 5. e3 Nbd7 6. Qc2 b6 7. b3 Bb7 8. Bb2 Bd6 9. Bd3 0-0 10. 0-0 Rc8 11. Rad1 c5 12. cxd5 exd5 13. Bf5 c4 14. Nb5 Bb8 15. Ba3 Ba6 16. Bxf8 Bxb5 17. Ba3 cxb3 18. Qxb3 Bxf1 19. Rxf1 Qc7 20. g3 Qb7 21. Ne5 Rd8 22. Nxd7 Nxd7 23. Rc1 Nf8 24. Qc2 Bd6 25. Bxd6 Rxd6 26. Qc7 Qxc7 27. Rxc7 a5 28. h4 g6 29. Bd3 Nd7 30. g4 Kg7 31. Bb5 Nf8 32. Be8 Rf6 33. g5 Rf5 34. Rb7 h6 35. f4 Ne6 36. Bd7 Nxd4 37. Bxf5 Nxf5 38. Kf2 d4 39. exd4 Nxd4 40. Rxb6 Ne6 41. Ra6 Nxf4 42. Rxa5 Nd3+ 43. Ke3 Ne1 44. Ra4 1-0

[Event "Tamil Nadu IM 9th"]
[Site "Chennai"]
[Date "2023.12.13"]
[Round "6"]
[White "Balasubramaniam, H."]
[Black "Podolchenko, Evgeniy"]
[Result "0-1"]
[WhiteElo "2213"]
[BlackElo "2376"]
[PlyCount "98"]
[EventDate "2023.12.10"]
[EventType "tourn"]
[EventRounds "9"]
[EventCountry "IND"]
[EventCategory "2"]
[SourceTitle "CB51_2023"]
[SourceDate "2023.12.20"]
[SourceVersion "1"]
[SourceVersionDate "2023.12.20"]
[SourceQuality "1"]

1. e4 c6 2. Nf3 d5 3. Nc3 dxe4 4. Nxe4 Nf6 5. Qe2 Nxe4 6. Qxe4 Qa5 7. b4 Qf5 8. Qe3 Qe6 9. Be2 Qxe3 10. fxe3 Bf5 11. c4 e6 12. b5 cxb5 13. cxb5 Nd7 14. Bb2 Nc5 15. 0-0 Bd3 16. Kf2 f6 17. Bd4 Ne4+ 18. Ke1 Bxe2 19. Kxe2 e5 20. Bb2 Nd6 21. d4 Nc4 22. Bc3 e4 23. Nd2 Nxd2 24. Bxd2 Bd6 25. h3 Kd7 26. Rfc1 Rac8 27. Kd1 Ke6 28. a3 f5 29. Bb4 Bb8 30. Ke2 b6 31. a4 g5 32. a5 f4 33. Bc3 Kd5 34. axb6 axb6 35. Ra6 fxe3 36. Rxb6 Rhf8 37. Rxb8 Rxb8 38. Bb4 Rfc8 39. Rf1 Rxb5 40. Rf5+ Kc4 41. Rxb5 Kxb5 42. Be7 Kc4 43. Kxe3 Rg8 44. Bf6 Kd5 45. Be5 Ra8 46. Bf6 Ra3+ 47. Kf2 Ra2+ 48. Kg3 e3 49. Bxg5 Ke4 0-1

[Event "Tamil Nadu IM 8th"]
[Site "Chennai"]
[Date "2023.12.07"]
[Round "8"]
[White "Podolchenko, Evgeniy"]
[Black "Rohit, S3."]
[Result "1-0"]
[WhiteElo "2376"]
[BlackElo "2212"]
[PlyCount "131"]
[EventDate "2023.12.03"]
[EventType "tourn"]
[EventRounds "9"]
[EventCountry "IND"]
[EventCategory "1"]
[SourceTitle "CB50_2023"]
[SourceDate "2023.12.13"]
[SourceVersion "1"]
[SourceVersionDate "2023.12.13"]
[SourceQuality "1"]

1. d4 Nf6 2. c4 e6 3. Nc3 Bb4 4. Qc2 0-0 5. a3 Bxc3+ 6. Qxc3 d5 7. Nf3 dxc4 8. Qxc4 b6 9. Bg5 Bb7 10. Rd1 Nbd7 11. Ne5 h6 12. Bh4 Bd5 13. Qc2 Qc8 14. Nc6 Re8 15. f3 Bxc6 16. Qxc6 e5 17. e4 Re6 18. Qc2 exd4 19. Bc4 d3 20. Rxd3 Ne5 21. Bxe6 Nxd3+ 22. Qxd3 Qxe6 23. 0-0 Qe5 24. Qd2 Nh5 25. Rd1 Nf4 26. Bg3 Qc5+ 27. Bf2 Qe5 28. Be3 Ne6 29. Qd5 Qxd5 30. exd5 Rd8 31. Rd2 Nf8 32. Bf4 Rd7 33. Rc2 Rxd5 34. Bxc7 Ne6 35. Bb8 a5 36. Kf2 Kf8 37. Ke3 Ke8 38. Bg3 Kd7 39. Be1 Re5+ 40. Kf2 a4 41. Bc3 Rc5 42. g4 Kc6 43. Kg3 g6 44. Re2 Rd5 45. Re3 g5 46. h4 b5 47. h5 Kd6 48. Bb4+ Kd7 49. Re2 f5 50. gxf5 Rxf5 51. Rd2+ Ke8 52. Bd6 Rf7 53. Rd5 Rd7 54. Kg4 Ng7 55. Re5+ Kf7 56. Bc5 Ne8 57. Kf5 Ng7+ 58. Kg4 Ne8 59. Kf5 Ng7+ 60. Kg4 Rd2 61. Re7+ Kf6 62. Rb7 Rg2+ 63. Kh3 Rd2 64. Bb4 g4+ 65. Kxg4 Rd4+ 66. f4 1-0

[Event "Tamil Nadu IM 8th"]
[Site "Chennai"]
[Date "2023.12.03"]
[Round "1"]
[White "Podolchenko, Evgeniy"]
[Black "Abdyjapar, Asyl"]
[Result "0-1"]
[WhiteElo "2376"]
[BlackElo "2340"]
[PlyCount "102"]
[EventDate "2023.12.03"]
[EventType "tourn"]
[EventRounds "9"]
[EventCountry "IND"]
[EventCategory "1"]
[SourceTitle "CB50_2023"]
[SourceDate "2023.12.13"]
[SourceVersion "1"]
[SourceVersionDate "2023.12.13"]
[SourceQuality "1"]

1. d4 Nf6 2. c4 e6 3. Nc3 Bb4 4. f3 0-0 5. e4 c5 6. d5 b5 7. Nh3 bxc4 8. Bxc4 exd5 9. Bxd5 Nxd5 10. Qxd5 Nc6 11. 0-0 Ba6 12. Rf2 Rc8 13. Bf4 Ne7 14. Qh5 d5 15. Nxd5 Nxd5 16. Qxd5 Qxd5 17. exd5 Rcd8 18. Bc7 Rxd5 19. a3 Bd2 20. Rd1 Rd7 21. Bf4 Bxf4 22. Rxd7 Be3 23. Rxa7 Bc4 24. g4 h5 25. Re7 Be6 26. Kg2 hxg4 27. fxg4 Bxf2 28. Nxf2 Rb8 29. b4 c4 30. Rc7 Ra8 31. Nh3 Rxa3 32. Nf4 Bxg4 33. Rxc4 g5 34. Nd3 Be2 35. Rc8+ Kg7 36. Ne5 Rb3 37. Rc7 Bh5 38. Rc4 f5 39. Rd4 Rb2+ 40. Kg1 Kf6 41. Nd7+ Ke7 42. Ne5 Re2 43. Nc6+ Ke6 44. b5 Bf3 45. Rd3 Rg2+ 46. Kf1 Be4 47. Rg3 Rxg3 48. hxg3 Bxc6 49. bxc6 Kd6 50. Kf2 Kxc6 51. Ke2 Kc5 0-1

[Event "Tamil Nadu IM 7th"]
[Site "Chennai"]
[Date "2023.12.01"]
[Round "9"]
[White "Chitlange, Sakshi"]
[Black "Podolchenko, Evgeniy"]
[Result "0-1"]
[WhiteElo "2224"]
[BlackElo "2395"]
[PlyCount "100"]
[EventDate "2023.11.26"]
[EventType "tourn"]
[EventRounds "9"]
[EventCountry "IND"]
[EventCategory "1"]
[SourceTitle "CB49_2023"]
[SourceDate "2023.12.06"]
[SourceVersion "1"]
[SourceVersionDate "2023.12.06"]
[SourceQuality "1"]

1. d4 Nf6 2. c4 e6 3. Nf3 d5 4. Nc3 Nbd7 5. cxd5 exd5 6. Bf4 c6 7. e3 Be7 8. h3 0-0 9. Bd3 Re8 10. Qc2 Nf8 11. 0-0 Ng6 12. Bh2 Bd6 13. Bxd6 Qxd6 14. Rab1 Qe7 15. b4 a6 16. a4 Ne4 17. b5 axb5 18. axb5 Ng5 19. Nxg5 Qxg5 20. f4 Qf6 21. bxc6 bxc6 22. Rfe1 Bd7 23. Kh1 Qh4 24. Re2 Bg4 25. Ree1 Nxf4 26. Bxh7+ Kh8 27. Bf5 Nxh3 28. gxh3 Qxh3+ 29. Qh2 Qxh2+ 30. Kxh2 Bxf5 31. Rbc1 Re6 32. Kg3 g5 33. Kf2 Kg7 34. Rg1 f6 35. Rh1 Ra3 36. Rhe1 Re8 37. Re2 Rh8 38. Kg3 Rh3+ 39. Kg2 g4 40. Kg1 Kg6 41. Nd1 Be4 42. Nf2 Rg3+ 43. Kf1 Bg2+ 44. Ke1 Bf3 45. Rb2 Rxe3+ 46. Kf1 Bg2+ 47. Kg1 Be4+ 48. Kf1 Ref3 49. Rd1 Rh3 50. Kg1 Rxf2 0-1

[Event "Tamil Nadu IM 7th"]
[Site "Chennai"]
[Date "2023.11.30"]
[Round "8"]
[White "Podolchenko, Evgeniy"]
[Black "Hemanth, Raam"]
[Result "1-0"]
[WhiteElo "2395"]
[BlackElo "2230"]
[PlyCount "107"]
[EventDate "2023.11.26"]
[EventType "tourn"]
[EventRounds "9"]
[EventCountry "IND"]
[EventCategory "1"]
[SourceTitle "CB49_2023"]
[SourceDate "2023.12.06"]
[SourceVersion "1"]
[SourceVersionDate "2023.12.06"]
[SourceQuality "1"]

1. d4 d5 2. c4 e6 3. Nc3 c5 4. cxd5 cxd4 5. Qa4+ Nd7 6. Qxd4 exd5 7. Nxd5 Ne7 8. e4 Nxd5 9. Qxd5 Qb6 10. Bc4 Bb4+ 11. Bd2 0-0 12. Nf3 Nf6 13. Qb5 Bxd2+ 14. Nxd2 Qd4 15. 0-0-0 Bd7 16. Qb3 b5 17. Bd5 Rac8+ 18. Kb1 a5 19. Nf3 Qxf2 20. Rhf1 Qa7 21. Ne5 Nxd5 22. exd5 a4 23. Qb4 f6 24. Nxd7 Qxd7 25. Rfe1 Rfe8 26. Rxe8+ Rxe8 27. d6 Re2 28. Qc5 Re5 29. Qd4 Kf8 30. a3 h6 31. Ka1 Re2 32. g4 Re6 33. Qf4 Re2 34. h3 Re8 35. h4 Re5 36. Qd4 Kg8 37. Qd3 Kf8 38. Qg6 Qe8 39. Qd3 Re1 40. d7 Rxd1+ 41. Qxd1 Qd8 42. Qd6+ Kf7 43. h5 Kg8 44. Qd5+ Kf8 45. Qxb5 Qa8 46. Qb4+ Kf7 47. Qb7 Qd8 48. Qc8 Ke7 49. Qxd8+ Kxd8 50. b3 axb3 51. Kb2 Kxd7 52. Kxb3 Ke7 53. a4 g6 54. a5 1-0

[Event "Tamil Nadu IM 7th"]
[Site "Chennai"]
[Date "2023.11.29"]
[Round "6"]
[White "Adireddy, Arjun"]
[Black "Podolchenko, Evgeniy"]
[Result "1/2-1/2"]
[WhiteElo "2155"]
[BlackElo "2395"]
[PlyCount "100"]
[EventDate "2023.11.26"]
[EventType "tourn"]
[EventRounds "9"]
[EventCountry "IND"]
[EventCategory "1"]
[SourceTitle "CB49_2023"]
[SourceDate "2023.12.06"]
[SourceVersion "1"]
[SourceVersionDate "2023.12.06"]
[SourceQuality "1"]

1. e4 c6 2. d4 d5 3. Nc3 dxe4 4. Nxe4 Nf6 5. Nxf6+ exf6 6. c3 Bd6 7. Bd3 Na6 8. Qc2 Nc7 9. Ne2 h5 10. c4 Bb4+ 11. Bd2 Bxd2+ 12. Qxd2 0-0 13. 0-0 f5 14. Rad1 g6 15. Bc2 Qd6 16. Bb3 Rd8 17. Nf4 c5 18. Nd5 Nxd5 19. dxc5 Qxc5 20. cxd5 Qd6 21. Rfe1 Bd7 22. Qd4 a5 23. Qe5 Qxe5 24. Rxe5 a4 25. Bc4 Rac8 26. b3 b5 27. Bf1 Rc2 28. bxa4 bxa4 29. a3 Rc3 30. Re3 Rxe3 31. fxe3 Kg7 32. Kf2 Kf6 33. Rd4 Ke5 34. Be2 Rb8 35. Bd1 Rb2+ 36. Kf3 g5 37. Bxa4 h4 38. Bxd7 g4+ 39. Rxg4 fxg4+ 40. Bxg4 f5 41. Bh5 Rd2 42. Bg6 Kf6 43. Bh7 Rxd5 44. e4 fxe4+ 45. Bxe4 Ra5 46. Kf4 Rxa3 47. g3 h3 48. g4 Ra5 49. Bf5 Ra4+ 50. Be4 Ra5 1/2-1/2

[Event "Tamil Nadu IM 6th"]
[Site "Chennai"]
[Date "2023.11.21"]
[Round "4"]
[White "Hemanth, Raam"]
[Black "Podolchenko, Evgeniy"]
[Result "1/2-1/2"]
[WhiteElo "2230"]
[BlackElo "2395"]
[PlyCount "109"]
[EventDate "2023.11.19"]
[EventType "tourn"]
[EventRounds "9"]
[EventCountry "IND"]
[EventCategory "1"]
[SourceTitle "CB48_2023"]
[SourceDate "2023.11.29"]
[SourceVersion "1"]
[SourceVersionDate "2023.11.29"]
[SourceQuality "1"]

1. e4 c6 2. d4 d5 3. exd5 cxd5 4. Bd3 Nc6 5. c3 Nf6 6. Bf4 Bg4 7. Qb3 Qd7 8. Nd2 e6 9. Ngf3 Bxf3 10. Nxf3 Bd6 11. Bd2 Qc7 12. g3 h6 13. 0-0 0-0 14. Qc2 Rfc8 15. a3 Rab8 16. Rae1 b5 17. Qc1 Qd8 18. Bxh6 gxh6 19. Qxh6 Bf8 20. Qh3 Bg7 21. Ng5 Qd6 22. f4 Re8 23. Nf3 a5 24. g4 b4 25. axb4 axb4 26. g5 Ne4 27. Ne5 bxc3 28. bxc3 Rb3 29. Qh5 Qc7 30. Ng4 Reb8 31. Bxe4 dxe4 32. Nf6+ Kf8 33. Qh7 Bxf6 34. gxf6 Ke8 35. f5 exf5 36. Rxf5 Rb1 37. Qg8+ Kd7 38. Qxf7+ Kc8 39. Qe8+ Nd8 40. Qxe4 Rxe1+ 41. Qxe1 Qf7 42. Qe4 Ne6 43. Qc6+ Nc7 44. Rg5 Qa2 45. Rf5 Qe2 46. Qg2 Qe3+ 47. Kh1 Rb1+ 48. Rf1 Rxf1+ 49. Qxf1 Qe4+ 50. Kg1 Qg6+ 51. Kh1 Qe4+ 52. Kg1 Qg6+ 53. Qg2 Qb1+ 54. Kf2 Qc2+ 55. Kg1 1/2-1/2

[Event "Tamil Nadu IM 5th"]
[Site "Chennai"]
[Date "2023.11.12"]
[Round "1"]
[White "Podolchenko, Evgeniy"]
[Black "Md Imran"]
[Result "1-0"]
[WhiteElo "2395"]
[BlackElo "2133"]
[PlyCount "71"]
[EventDate "2023.11.12"]
[EventType "tourn"]
[EventRounds "9"]
[EventCountry "IND"]
[EventCategory "1"]
[SourceTitle "CB48_2023"]
[SourceDate "2023.11.29"]
[SourceVersion "1"]
[SourceVersionDate "2023.11.29"]
[SourceQuality "1"]

1. d4 Nf6 2. c4 e6 3. Nc3 Bb4 4. Qc2 0-0 5. a3 Bxc3+ 6. Qxc3 Ne4 7. Qc2 d5 8. e3 b6 9. Bd3 Bb7 10. Ne2 Nd7 11. cxd5 exd5 12. f3 Nef6 13. 0-0 c5 14. Nc3 Rc8 15. Qf2 Re8 16. Bd2 a6 17. Rad1 Qc7 18. Ne2 Nf8 19. Rfe1 Ne6 20. Bc3 Nd7 21. Qh4 h6 22. Qg4 cxd4 23. exd4 Nf6 24. Qh4 a5 25. Bd2 Qd8 26. Ng3 Nd7 27. Qg4 Nf6 28. Qh4 Nd7 29. Qg4 Nf6 30. Qh3 Nxd4 31. Bxh6 gxh6 32. Qxh6 Ne4 33. Bxe4 dxe4 34. Nh5 Ne2+ 35. Kh1 exf3 36. Qg7# 1-0

[Event "Tamil Nadu IM 4th"]
[Site "Chennai"]
[Date "2023.11.11"]
[Round "9"]
[White "Podolchenko, Evgeniy"]
[Black "Gochelashvili, David"]
[Result "1-0"]
[WhiteElo "2395"]
[BlackElo "2304"]
[PlyCount "83"]
[EventDate "2023.11.06"]
[EventType "tourn"]
[EventRounds "9"]
[EventCountry "IND"]
[EventCategory "2"]
[SourceTitle "CB46_2023"]
[SourceDate "2023.11.15"]
[SourceVersion "1"]
[SourceVersionDate "2023.11.15"]
[SourceQuality "1"]

1. d4 Nf6 2. Nf3 g6 3. Bf4 d6 4. h3 Bg7 5. e3 0-0 6. Be2 Nc6 7. 0-0 Nd7 8. Bh2 e5 9. Nc3 Re8 10. dxe5 Ncxe5 11. Nd4 Nb6 12. a4 a5 13. e4 Nc6 14. Ndb5 Nb4 15. Qd2 Bd7 16. Rfe1 Be5 17. f4 Bg7 18. Bf1 f5 19. exf5 Rxe1 20. Rxe1 Bxf5 21. Ne4 Bxe4 22. Rxe4 d5 23. Re6 Nc4 24. Bxc4 dxc4 25. Qe2 Qd5 26. f5 Rf8 27. Bxc7 Rxf5 28. Re8+ Bf8 29. Bxa5 Qc5+ 30. Kh1 Nd5 31. Re4 Rf2 32. Qxc4 Rxc2 33. Qb3 Kg7 34. Be1 Nf6 35. Nd4 Qc8 36. Rf4 Rc1 37. Rf1 Be7 38. Qe3 Kf7 39. Nf3 Rc5 40. Ng5+ Ke8 41. Rxf6 Rd5 42. Re6 1-0

[Event "Tamil Nadu IM 4th"]
[Site "Chennai"]
[Date "2023.11.10"]
[Round "7"]
[White "Nandhidhaa, PV."]
[Black "Podolchenko, Evgeniy"]
[Result "1-0"]
[WhiteElo "2272"]
[BlackElo "2395"]
[PlyCount "89"]
[EventDate "2023.11.06"]
[EventType "tourn"]
[EventRounds "9"]
[EventCountry "IND"]
[EventCategory "2"]
[SourceTitle "CB46_2023"]
[SourceDate "2023.11.15"]
[SourceVersion "1"]
[SourceVersionDate "2023.11.15"]
[SourceQuality "1"]

1. Nf3 Nf6 2. g3 d5 3. Bg2 c6 4. 0-0 Bg4 5. c4 e6 6. cxd5 exd5 7. h3 Bxf3 8. exf3 Be7 9. d3 0-0 10. f4 Ne8 11. Nd2 a5 12. Nf3 a4 13. Rb1 Nd6 14. Qc2 Nd7 15. Bd2 Re8 16. h4 Nb5 17. Rfe1 Bf6 18. Rxe8+ Qxe8 19. Re1 Qd8 20. Bh3 a3 21. b3 Nb8 22. h5 Na6 23. h6 gxh6 24. Ne5 Nac7 25. Qd1 Qf8 26. Qh5 Bg7 27. Kg2 Re8 28. Bd7 Rd8 29. Bf5 Re8 30. Ba5 Bxe5 31. fxe5 Ne6 32. Bd2 Ng7 33. Bxh7+ Kxh7 34. Qxh6+ Kg8 35. Rh1 Nh5 36. Qxh5 Qg7 37. Bf4 Re6 38. Rh4 Nc3 39. Qf5 Nxa2 40. Rg4 Rg6 41. e6 fxe6 42. Qxg6 Qxg6 43. Rxg6+ Kf7 44. Rh6 Nb4 45. Rh7+ 1-0

[Event "Tamil Nadu IM 4th"]
[Site "Chennai"]
[Date "2023.11.09"]
[Round "6"]
[White "Podolchenko, Evgeniy"]
[Black "Laddha, Shubh Jayesh"]
[Result "0-1"]
[WhiteElo "2395"]
[BlackElo "2373"]
[PlyCount "64"]
[EventDate "2023.11.06"]
[EventType "tourn"]
[EventRounds "9"]
[EventCountry "IND"]
[EventCategory "2"]
[SourceTitle "CB46_2023"]
[SourceDate "2023.11.15"]
[SourceVersion "1"]
[SourceVersionDate "2023.11.15"]
[SourceQuality "1"]

1. Nf3 d5 2. c4 d4 3. e3 Nc6 4. b4 dxe3 5. fxe3 Nxb4 6. d4 e5 7. a3 Nc6 8. Bd3 exd4 9. exd4 Nxd4 10. 0-0 Nf6 11. Kh1 Be7 12. Nxd4 Qxd4 13. Qc2 Be6 14. Bb2 Qc5 15. Nc3 0-0-0 16. Ne4 Nxe4 17. Bxe4 Qxc4 18. Bxg7 Qxc2 19. Bxc2 Rhg8 20. Be5 Rd2 21. Be4 Re2 22. Rae1 Rxe1 23. Rxe1 h5 24. a4 Rd8 25. g3 Bg4 26. Rf1 Rd1 27. Rxd1 Bxd1 28. Bc3 Bxa4 29. Bf3 Bc6 30. Bxc6 bxc6 31. Kg2 Kd7 32. Kf3 f5 0-1

[Event "Tamil Nadu IM 4th"]
[Site "Chennai"]
[Date "2023.11.06"]
[Round "2"]
[White "Podolchenko, Evgeniy"]
[Black "Srihari, Lakshmi"]
[Result "0-1"]
[WhiteElo "2395"]
[BlackElo "2225"]
[PlyCount "100"]
[EventDate "2023.11.06"]
[EventType "tourn"]
[EventRounds "9"]
[EventCountry "IND"]
[EventCategory "2"]
[SourceTitle "CB46_2023"]
[SourceDate "2023.11.15"]
[SourceVersion "1"]
[SourceVersionDate "2023.11.15"]
[SourceQuality "1"]

1. d4 Nf6 2. c4 g6 3. Nc3 Bg7 4. e4 d6 5. Nf3 0-0 6. Be2 e5 7. 0-0 exd4 8. Nxd4 Re8 9. f3 c6 10. Kh1 Nbd7 11. Bf4 Nh5 12. Be3 f5 13. Qd2 f4 14. Bf2 Be5 15. Rfd1 Qf6 16. Bf1 Nf8 17. Rac1 Ng7 18. b4 g5 19. b5 Bd7 20. bxc6 bxc6 21. c5 dxc5 22. Nb3 Be6 23. Na4 g4 24. Naxc5 Bxb3 25. Nxb3 g3 26. Bc5 Rad8 27. Qb4 Rxd1 28. Rxd1 gxh2 29. Nd4 Ng6 30. Bxa7 Rd8 31. Qb3+ Kh8 32. Ne2 Nh5 33. a4 Rg8 34. Bf2 Nh4 35. a5 Qg5 36. Bxh4 Qxh4 37. Qb6 Nf6 38. Qc5 Qg5 39. a6 h5 40. a7 h4 41. Rb1 h3 42. gxh3 Qh5 43. Bg2 Nxe4 44. Nxf4 Ng3+ 45. Kxh2 Bxf4 46. Qxh5+ Nxh5+ 47. Kg1 Be3+ 48. Kf1 Bxa7 49. f4 Nxf4 50. Ra1 Bd4 0-1